| 000 | 00345 a2200157 4500 | ||
|---|---|---|---|
| 001 | 56960 | ||
| 020 | _a8526263609 | ||
| 040 | _cAnchieta - Pituba | ||
| 100 | _aNicolelis, Giselda Laporta | ||
| 240 | 1 | 0 |
_aSem medo de viver _lpor |
| 245 | 1 | 0 | _aSem medo de viver |
| 300 | _a112 | ||
| 362 | 0 | _a2006 | |
| 650 | 4 | _aLiteratura juvenil | |
| 942 | _cBK | ||
| 999 |
_c56960 _d56960 |
||